Tècniques participatives per al debat grupal / Joel Martí i Laura Jorba
ISBN:
978-84-9803-464-6
Publicado:
Barcelona :
Diputació de Barcelona. Àrea d'Igualtat i Ciutadania. Oficina de Participació Ciutadana ,
2011
Descripción Física:
76 p. : quadres ; 30 cm
Otros Autores:
Jorba, Laura
MARC
| LEADER | 00000nam a2200000Ia 4500 | ||
|---|---|---|---|
| 001 | 23361 | ||
| 008 | 160829s2011 xx 000 0 cat d | ||
| 020 | |a 978-84-9803-464-6 | ||
| 080 | |a M-6-418 | ||
| 100 | |a Martí i Olivé, Joel |9 23410 | ||
| 245 | |a Tècniques participatives per al debat grupal / Joel Martí i Laura Jorba | ||
| 250 | |a 2a ed., act. i ampl. | ||
| 260 | |a Barcelona : |b Diputació de Barcelona. Àrea d'Igualtat i Ciutadania. Oficina de Participació Ciutadana, |c 2011 | ||
| 300 | |a 76 p. : |b quadres ; |c 30 cm | ||
| 490 | |a Documents de treball. Igualtat i ciutadania ; 19 | ||
| 590 | |a Bibliografia | ||
| 650 | |a Municipis |x Govern i administració |x Participació ciutadana |9 27439 | ||
| 700 | |a Jorba, Laura |9 2514 | ||
| 710 | 1 | |a Barcelona (Catalunya : Província). |b Oficina de Participació Ciutadana |9 54951 | |
| 901 | |a Arxiu | ||
| 942 | |n 1 | ||
| 952 | |0 0 |1 0 |4 0 |6 M6418 |7 1 |9 54797 |a Arxiu |b Arxiu |d 2012-01-09 |l 0 |o M-6-418 |p 23361 |r 2016-12-01 00:00:00 |w 2016-12-01 |y ARXIU | ||
| 999 | |c 58666 |d 58666 | ||